Planeten - Bildquiz - Statistiken

Allgemein
  • Dieses Quiz wurde 13.027 mal gespielt
    9.613 seit der letzten Aktualisierung
  • Das Durchschnittsergebnis liegt bei 7 aus 8
Antwortstatistiken
Bildquiz Antwort % Korrekt
Erde
96%
Mars
95%
Saturn
94%
Venus
86%
Neptun
85%
Jupiter
83%
Uranus
79%
Merkur
75%
Keine übereinstimmenden Quizze gefunden
Verteilung der Resultate
Anzahl Personen mit jedem Resultat
Perzentil nach korrekt beantworteten Fragen
Ihre Resultats-Entwicklung
Sie haben dieses Quiz seit der letzten Aktualisierung nicht gespielt